So Far So Fake - Pierce The Veil - All Lyrics - Statistics

General Stats
  • This quiz has been taken 99 times
  • The average score is 233 of 303
Answer Stats
Answer % Correct
So
100%
so
100%
a
98%
fake
98%
far,
98%
I
98%
the
96%
(The
96%
The
96%
you
94%
from
93%
me
93%
to
93%
Away,
91%
away
91%
all
89%
it
89%
your
89%
know
87%
took
87%
wanna
87%
do
85%
are
83%
don't
83%
end,
83%
In
83%
in
83%
No
83%
no
83%
thin
83%
is
81%
we
81%
yourself
81%
dangerous
80%
on
80%
take
80%
this
80%
and
78%
answer
78%
phone,
78%
think
78%
time
78%
world
78%
around
76%
days
76%
distance
76%
only
76%
These
76%
dead
74%
weight
74%
Be
72%
comin'
72%
name
72%
what?
72%
strange
70%
watch
70%
I'm
69%
twist
69%
cut
67%
head
67%
It's
67%
rain
67%
taste
67%
vain
67%
enjoy
65%
Just
65%
metallic
65%
trust,
65%
over
63%
rather
63%
that
63%
twisted)
63%
Before
61%
names
61%
begin
59%
But
59%
veins
59%
flames
57%
lacerate
57%
with
57%
blade
56%
blood
56%
cuts,
56%
heart,
56%
not
56%
apologies
54%
Armless,
54%
cauterizing
54%
flawless
54%
like
54%
selfish
54%
Go
52%
intent
52%
master
52%
swim
52%
tapes
52%
case
50%
out
50%
because
48%
brain
48%
freeze,
48%
keep
48%
there's
48%
you'll
48%
resuscitate
46%
Skin,
46%
speakers
46%
fade
44%
Now
44%
sick
44%
hundred
35%
still
35%
firе
0%
thе
0%
No matching quizzes found
Score Distribution
Percent of People with Each Score
Percentile by Number Answered
Your Score History
You have not taken this quiz